000 00629cam a2200229 4500500
005 20260405002842.0
041 _afre
042 _adc
100 1 0 _aTenaillon, Nicolas
_eauthor
245 0 0 _aL’Arbre-Monde
260 _c2018.
500 _a22
690 _aArbre
690 _aÉcologie
690 _aEnvironnement
690 _aPlante
690 _aRichard Powers
690 _aroman
690 _aVégétal
786 0 _nPhilosophie magazine | 125 | 12 | 2018-12-01 | p. 42-42 | 1951-1787
856 4 1 _uhttps://shs.cairn.info/magazine-philosophie-magazine-2018-12-page-42?lang=fr&redirect-ssocas=7080
999 _c2061743
_d2061743